000 00476nam a2200193Ia 4500
999 _c33772
_d33772
003 0100
005 20170802123608.0
008 130303s9999 xx 000 0 und d
040 _cARRUPELIB
050 _aB840.R6 1970
245 4 _aThe linguistic turn
245 _brecent essays in philosophical method
260 _bThe University of Chicago Press
_aLondon
_c1970
300 _a393p.
300 _b 23 cm.
650 _aPHILOSOPHY
_934468
650 _aLinguistics
_97660
700 _aRorty, Richard (ed.)
_934466
942 _2lcc
_cMONOGRAPH